| 000 | nam a22 7a 4500 | ||
|---|---|---|---|
| 999 |
_c7162 _d7162 |
||
| 003 | OSt | ||
| 005 | 20181016174734.0 | ||
| 008 | 181016s2018 spc|||| |||||0|0 0|cat d | ||
| 020 | _a9788416372508 | ||
| 040 |
_aES-BaBC _bcat _cCDMR |
||
| 100 | 1 |
_aBatllori, Toni _d1951- _92584 |
|
| 245 | 1 | 0 |
_aDibuixa'm una patata : _bel que he après fent de ninotaire / _cToni Batllori |
| 260 |
_aBarcelona : _bLa Vanguardia, _c2018 |
||
| 300 |
_a125 p. : _bil. ; |
||
| 500 | _aAl llom: Librosdevanguardia CAT | ||
| 650 | 7 |
_aPeriodistes catalans _2lemac _93139 _vBiografia |
|
| 650 | 0 | 4 |
_aDibuixants _93384 _vBiografia |
| 942 | _cMON | ||